Ingeniería de control moderno
| Main Author: | |
|---|---|
| Format: | Section = Libro |
| Language: | Undetermined Spanish |
| Published: |
España
Pearson Educación
2003
|
| Subjects: |
| LEADER | 00473nam a2200181Ia 4500 | ||
|---|---|---|---|
| 008 | 240829s9999 xx 000 0 und d | ||
| 020 | |a 85-205-3678-4 | ||
| 040 | |a BIBLIOTECA-RUSB/ 629.8 O34 | ||
| 041 | |a spa | ||
| 082 | |a 629.8 O34 | ||
| 100 | 1 | |a Ogata, Katsuhiko | |
| 245 | 1 | 0 | |a Ingeniería de control moderno |
| 260 | |a España |b Pearson Educación |c 2003 | ||
| 300 | |a 984 p. :il. | ||
| 650 | 7 | |a TECNICA DEL CONTROL AUTOMATICO | |
| 942 | |c BK |2 ddc | ||
| 991 | |a TEXTO | ||
| 999 | |c 3881 | ||